00366nam a2200145Ia 4500008004100000020001500041041001200056082001100068100002000079245005900099250000800158260002500166300000800191650002100199221030s9999 xx 000 0 und d a8120311655 aEnglish a105.23 aA. S. Tanenbaum 0aComputer Networks ( DEPARTMENTAL )cby A. S. Tanenbaum a3rd bPHIaNew Delhic1998 a813 aCSE Departmental